000 00837nam a22002537a 4500
005 20241127113747.0
010 _aENG-142639
020 _c290.00
_a9798187659678
020 _a818765967X
035 _aEN-126171
037 _bDBAD
082 _a530.3
_21
245 _aDictionary of Physics/
_cEdited by Kamal Chaudhry; Suman Shankar [and] Shubham Ghai
250 _a1
260 _aNew Delhi
_bChoice International
270 _a484 D/S New Rajinder Nagar,
_bNew Delhi
_e110060
_k+91 9212013637
_mgalaxyindia999@gmail.com
300 _a464p.
_c21cm(pb)
500 _aThe Dictionary That You Can Trust
650 _aPhysics
_974104
700 _aChaudhry, Kamal
_974091
_eEditor
700 _aShankar, Suman
_974092
_eEditor
700 _aGhai, Shubham
_974093
_eEditor
942 _2ddc
_cEN
_h530.3
_mDIC
999 _c207044
_d207044